Państwa Słowiańskie - Nagła śmierć - Statystyki

Ogólne statystyki
  • Ten quiz został rozwiązany 541 razy
    538 od ostatniego zresetowania
  • Średni wynik to 6 z 11
Answers on the Grid
Answers color-coded by a green-red scale on the quiz's grid according to % correct below.
Polska
Kosowo
Węgry
Serbo-chorwacja
Bułgaria
Syberia
Białoruś
Czarnogóra
Jugosławia
Ukraina
Macedonia Południowa
Czechy
Macedonia Północna
Chorwacja
Albania
Czeczenia
Czechosłowenia
Słowacja
Serbia
Rosja
 
Statystyki odpowiedzi
Odpowiedź % Poprawnych
Polska
82%
Białoruś
63%
Czechy
63%
Słowacja
63%
Ukraina
62%
Rosja
59%
Bułgaria
49%
Serbia
49%
Chorwacja
48%
Czarnogóra
35%
Macedonia Północna
30%
Nie znaleziono quizów pasujących do podanych kryteriów
Rozkład punktacji
Procent ludzi z każdym wynikiem
Percentyl według liczby udzielonych odpowiedzi
Twoja historia wyników
Nie rozwiązałeś tego quizu od ostatniego zresetowania